000 00289nam a22001337a 4500
008 170616b xxu||||| |||| 00| 0 eng d
020 _a0873322762
041 _aeng
080 _a338
100 _a20
101 _aSHP
245 _aTHE POLITICAL ECONOMY
_cFERGUSON,TH
942 _2udc
_cBK
999 _c17733
_d17733